<?xml version="1.0" encoding="UTF-8"?>
<collection xmlns="http://www.loc.gov/MARC21/slim">
 <record>
  <leader>00423pamaa2200145   4500</leader>
  <controlfield tag="001">0000025112</controlfield>
  <controlfield tag="005">20051116090000.0</controlfield>
  <datafield tag="020" ind1="0" ind2="0">
   <subfield code="a">0844207152 </subfield>
  </datafield>
  <datafield tag="082" ind1=" " ind2=" ">
   <subfield code="a">303.48209 MUR</subfield>
  </datafield>
  <datafield tag="090" ind1="0" ind2="0">
   <subfield code="a">HM258 </subfield>
   <subfield code="b">MUR</subfield>
  </datafield>
  <datafield tag="100" ind1="1" ind2="0">
   <subfield code="a">MURPHY </subfield>
  </datafield>
  <datafield tag="245" ind1="1" ind2="0">
   <subfield code="a">Cultural encounters in the USA : </subfield>
   <subfield code="b">cross-cultural dialogues and mini-dramas  </subfield>
   <subfield code="c">Andrew F. Murphy.</subfield>
  </datafield>
  <datafield tag="260" ind1="0" ind2="0">
   <subfield code="a">Illinois: </subfield>
   <subfield code="b">NTC Pub. Group, </subfield>
   <subfield code="c">1994.</subfield>
  </datafield>
  <datafield tag="300" ind1=" " ind2=" ">
   <subfield code="a">vii, 118p.; </subfield>
   <subfield code="c">23cm.</subfield>
  </datafield>
  <datafield tag="650" ind1="0" ind2="0">
   <subfield code="a">Culture conflict </subfield>
  </datafield>
 </record>
</collection>
